| 000 | 00783nam a22002177a 4500 | ||
|---|---|---|---|
| 999 |
_c1393 _d1393 |
||
| 003 | CoMeUDC | ||
| 005 | 20210628113753.0 | ||
| 008 | 210628b ||||| |||| 00| 0 eng d | ||
| 020 | _a9789588396934 | ||
| 040 | _cCO-UdeC | ||
| 082 |
_a986.12 _bA664 |
||
| 100 |
_91740 _aArbeláez Sierra, Luis Fernando |
||
| 245 |
_aMedellín 1906 : _bMemoria e identidad / _cLuis Fernando Arbeláez Sierra, Pedro Pablo Peláez Bedoya. |
||
| 260 |
_aMedellín : _bComfama, _bSociedad de mejoras públicas de Medellín, _bGrupo UR. Estudios urbanos - regionales, _c2017. |
||
| 300 |
_a166 p. : _bil. ; _c23 cm. |
||
| 504 | _aIncluye bibliografía. | ||
| 650 | 0 |
_91741 _aMemoria urbana |
|
| 651 | 0 |
_981 _aMedellín (Colombia) |
|
| 700 |
_91742 _aPeláez Bedoya, Pedro Pablo |
||
| 942 |
_2ddc _cBK |
||